000 00372pab a2200145 454500
008 180718b1984 xxu||||| |||| 00| 0 eng d
100 _aRuddar Datt
245 _aMinimum Wages Act and farm labour
_bLessons from three studies
260 _c1984
300 _a23-5
362 _a24 Mar.
650 _aWages - Legislation - India
773 _aMainstream
909 _a20536
999 _c20536
_d20536